| 000 | 00618nam a22002057a 4500 | ||
|---|---|---|---|
| 005 | 20250819140107.0 | ||
| 008 | s2000 eng d | ||
| 020 | _a9291420689 | ||
| 041 | _aeng | ||
| 050 | _aHQ1236 I56P 2000 | ||
| 245 | 1 | 0 | _aPolitics : women's insight |
| 260 | 3 |
_aGeneva : _bInter-Parliamentary Union, _c2000 |
|
| 300 |
_a193 p. : _b table ; _c 30 cm. |
||
| 650 | 0 | 4 | _aWomen in politics -- survey |
| 650 | 0 | 4 | _aWomen in public life |
| 850 | _aNALT | ||
| 942 |
_cGB _03 |
||
| 997 | _c000000000014437 | ||
| 998 |
_aNOOPIN _j111 _k นางสาวพจพิณ พรมเอี่ยม |
||
| 999 |
_c14437 _d14437 |
||